| 000 | 01010nam0a22002411 4500 | ||
|---|---|---|---|
| 001 | rc\1166036 | ||
| 005 | 20260407105645.0 | ||
| 035 | _a(NLR Aleph) 006409760 | ||
| 090 |
_a5333401 _c5333401 |
||
| 100 | _a20041129d1980 |||y0rusy50 ca | ||
| 101 | 0 | _arus | |
| 102 | _aRU | ||
| 105 | _ay ||||||||| | ||
| 200 | 1 |
_aТеоретические основы противолучевой защиты и принципы изыскания новых радиопротекторов _e(Информ. материалы) _fАН СССР, Урал. науч. центр. Ин-т экологии растений и животных |
|
| 210 |
_aСвердловск _cУНЦ АН СССР _d1980 |
||
| 215 |
_a88 с. _d19 |
||
| 320 | _aБиблиогр.: с. 26 | ||
| 712 | 0 | 2 |
_aИнститут экологии растений и животных _cСвердловск _3RU\NLR\AUTH\889937365 _9369548 |
| 801 | 0 |
_aRU _bNLR _gpsbo |
|
| 801 | 1 |
_aRU _bELAR _2rusmarc |
|
| 852 |
_aNLR _j81-4/4631 |
||
| 942 | _cBOOK | ||
| 980 | _aNB | ||